| 000 | 00941nam a2200217Ia 4500 | ||
|---|---|---|---|
| 999 |
_c40096 _d40096 |
||
| 001 | 6702 | ||
| 003 | GE_BSU | ||
| 005 | 20191225124119.0 | ||
| 008 | 181216s1984||||ge |||||||||||||| ||ge || | ||
| 040 | _cGE_BSU | ||
| 041 | _ageo | ||
| 080 | _a821.353.1-4 გ-44 | ||
| 100 |
_aგვაძაბია, გრიგოლ. _95974 |
||
| 245 |
_aცოცხალი მიცვალებული : _bდოკუმენტური მოთხრობები / _cგრიგოლ გვაძაბია ; რედ. ე. ფალიანი. |
||
| 264 |
_aთბილისი : _bსაბჭ.საქართველო, _c1984. |
||
| 300 |
_a182 გვ. ; _c20 სმ. |
||
| 653 | _aდოკუმენტური მოთხრობები | ||
| 653 | _aცოცხალი მიცვალებული | ||
| 700 |
_aფალიანი, ე. _eრედაქტორი _94048 |
||
| 942 |
_cBK _2udc |
||